00482nam a2200085Ia 4500008004100000245001800041300024700059650002800306856006200334170517s9999 xx 000 0 und d aFour Horsemen aAs an elite class rules with unparalleled power and unchecked corruption, and a general population sits narcotized by a widespread sense of apathy, America seems doomed to fall as many other empires have done throughout history. So say the... xBusiness and Economics. uhttp://topdocumentaryfilms.com/four-horsemen-documentary/